000
00333nam a2200121 a 4500
005
20140412111430.0
008
110218s19uu xx 00 eng d
050
_a
TR(PS E
_b
Ol1 2007
100
_a
Arnold, Tedd
245
_a
There was an old lady who swallowed fly guy.
260
_a
New York :
_b
Scholastic,
_c
2007.
999
_c
106348
_d
106348